| 000 | 00503nam a2200205Ia 4500 | ||
|---|---|---|---|
| 999 |
_c930 _d930 |
||
| 003 | 0100 | ||
| 008 | 130227s9999 xx 000 0 und d | ||
| 040 | _cARRUPELIB | ||
| 050 | _aDT433.545.M47F34 | ||
| 100 |
_aFadiman, Jeffrey A. _930766 |
||
| 245 | _aWhen we began there were witchmen | ||
| 245 | _ban oral history from Mount Kenya | ||
| 260 |
_bUniversity of California Press _aBerkeley _c1993 |
||
| 300 | _a395p. | ||
| 300 | _b 23 cm | ||
| 650 |
_aMeru (African people) _xHistory _930767 |
||
| 650 |
_aWitchcraft _xKenya _930768 |
||
| 650 |
_aOral tradition _xKenya _930769 |
||
| 942 |
_2lcc _cMONOGRAPH |
||